000 00325nam a22001457a 4500
008 221028b ||||| |||| 00| 0 eng d
020 _a9780781770644
041 _aeng
080 _25EDITION
_a610.73
082 _a610.73 JUA
100 _a8
101 _aINF
245 _aNURSING CARE PLANS
_cJUALL L
942 _2udc
_cBK
999 _c58687
_d58687